Odpadový zákon zalátal pár dier, vylepšení je málo

Odpadová reforma mala naštartovať triedený zber, aby sa menej skládkovalo a viacej recyklovalo. V tejto oblasti Slovensko výrazne zaostáva za priemerom EÚ. Nový zákon o odpadoch začal platiť v roku 2016. Odvtedy zažil štyri novely. Očakávania novela nesplnila. Zákon spôsobil problémy aj malým podnik...

Descrizione completa

Salvato in:
Dettagli Bibliografici
Autore principale: Kollárová, Zuzana
Natura: Capitolo di libro
Lingua:slovacco
Soggetti:
Tags: Aggiungi Tag
Nessun Tag, puoi essere il primo ad aggiungerne!!

MARC

LEADER 00000naa a2200000 4500
001 0236977
005 20171102091136.9
041 0 |a slo 
044 |a SK 
245 1 0 |a Odpadový zákon zalátal pár dier, vylepšení je málo  |c Zuzana Kollárová 
520 |a Odpadová reforma mala naštartovať triedený zber, aby sa menej skládkovalo a viacej recyklovalo. V tejto oblasti Slovensko výrazne zaostáva za priemerom EÚ. Nový zákon o odpadoch začal platiť v roku 2016. Odvtedy zažil štyri novely. Očakávania novela nesplnila. Zákon spôsobil problémy aj malým podnikateľom a živnostníkom. Hlavné pravidlo pre firmy v zákone o odpadoch je, že sa majú postarať o odpady zo svojich výrobkov. 
610 2 0 |a odpad 
610 2 0 |a odpad výrobný 
610 2 0 |a obaly 
610 2 0 |a recyklácia odpadu 
610 2 0 |a legislatíva 
610 2 0 |a novelizácia 
610 2 0 |a podnikatelia 
610 2 0 |a podnik 
100 1 |a Kollárová, Zuzana